Chambers : (Record no. 50800)

MARC details
000 -LEADER
campo de control de longitud fija 00858nam a2200229 i 4500
001 - NÚMERO DE CONTROL
campo de control 50800
003 - IDENTIFICADOR DE NÚMERO DE CONTROL
campo de control ES-MaACL
005 - FECHA Y HORA DE LA ÚLTIMA TRANSACCIÓN
campo de control 20230906162235.0
007 - CAMPO FIJO DE DESCRIPCIÓN FÍSICA--INFORMACIÓN GENERAL
campo de control de longitud fija t|
008 - DATOS DE LONGITUD FIJA--INFORMACIÓN GENERAL
campo de control de longitud fija 030806s1964 sp d ||||1| spa d
100 1# - ENTRADA PRINCIPAL--NOMBRE DE PERSONA
Nombre de persona Chambers, William.
9 (RLIN) 172185
245 10 - MENCIÓN DEL TÍTULO
Título Chambers :
Resto del título diccionario científico y tecnológico español, inglés, francés, alemán /
Mención de responsabilidad, etc. dirigido por C.F. Tweney y L.E.C. Hughes ; la traducción española dirigida por Carlos Botet.
246 3# - FORMA VARIANTE DEL TITULO
Título propio/Titulo breve Diccionario científico y tecnológico español, inglés, francés, alemán
260 ## - PUBLICACIÓN, DISTRIBUCIÓN, ETC.
Lugar de publicación, distribución, etc. Barcelona :
Nombre del editor, distribuidor, etc. Omega,
Fecha de publicación, distribución, etc. [1964]
300 ## - DESCRIPCIÓN FÍSICA
Extensión 2 v. ;
Dimensiones 24 cm.
650 00 - PUNTO DE ACCESO ADICIONAL DE MATERIA--TÉRMINO DE MATERIA
Término de materia o nombre geográfico como elemento de entrada Ciencias-
Subdivisión de forma Diccionarios.
9 (RLIN) 10973
650 #4 - PUNTO DE ACCESO ADICIONAL DE MATERIA--TÉRMINO DE MATERIA
Término de materia o nombre geográfico como elemento de entrada Tecnología-
Subdivisión de forma Diccionarios.
9 (RLIN) 17402
700 1# - ENTRADA AGREGADA--NOMBRE PERSONAL
Nombre de persona Tweney, C. F.
9 (RLIN) 111795
700 1# - ENTRADA AGREGADA--NOMBRE PERSONAL
Nombre de persona Hughes, L.E.C.
9 (RLIN) 64614
700 1# - ENTRADA AGREGADA--NOMBRE PERSONAL
Nombre de persona Botet, Carlos.
9 (RLIN) 30767
852 ## - LOCALIZACIÓN
Ubicación ES-MaACL
Número de control de estantería C-26157-58
Holdings
Estatus retirado Estado de pérdida Estado de daño No para préstamo Colección Biblioteca de origen Biblioteca actual Ubicación en estantería Fecha de adquisición Fuente de adquisición Total de préstamos Signatura topográfica completa Código de barras Visto por última vez Precio de reemplazo Tipo de ítem Koha
        Colección de referencia Biblioteca del Ateneo de Madrid Biblioteca del Ateneo de Madrid Depósito 2 17/01/2008     C-26157-58 1053430 23/02/2023 23/02/2023 Libro impreso